|
|
|
|
| LEADER |
00000cam a2200000 7i4500 |
| 001 |
0000005658 |
| 005 |
20151222.0 |
| 008 |
070808 |
| 020 |
|
|
|a 9832562333(set)
|
| 020 |
|
|
|a 9832562392
|
| 090 |
0 |
0 |
|a JF
|b SC MAL (7070)
|
| 100 |
0 |
|
|a Suraya Hussin
|
| 245 |
1 |
0 |
|a Pantasnya kilat
|c Suraya Hussin
|
| 260 |
|
|
|a Johor :
|b City Megazone ,
|c 2006
|
| 440 |
|
|
|a Siri Jeni dan Tomi Menti
|
| 500 |
|
|
|a Children ages 7-9 years old (orange)
|
| 650 |
|
0 |
|a Judul
|
| 650 |
|
0 |
|a Science fiction, Malay
|
| 650 |
|
0 |
|a Siri
|
| 999 |
|
|
|a 0000981186
|b Book
|c Children Collection
|e Perbadanan Perpustakaan Awam Johor
|
| 999 |
|
|
|a 0000981187
|b Book
|c Children Collection
|e Perbadanan Perpustakaan Awam Johor
|
| 999 |
|
|
|a 0000981188
|b Book
|c Children Collection
|e Perbadanan Perpustakaan Awam Johor
|
| 999 |
|
|
|a 0000981189
|b Book
|c Children Collection
|e Perbadanan Perpustakaan Awam Johor
|
| 999 |
|
|
|a 0000981190
|b Book
|c Children Collection
|e Perbadanan Perpustakaan Awam Johor
|
| 999 |
|
|
|a 0001050294
|b Book
|c Children Collection
|e Cawangan Mersing
|
| 999 |
|
|
|a 0001050295
|b Book
|c Children Collection
|e Cawangan Mersing
|
| 999 |
|
|
|a 0001050296
|b Book
|c Children Collection
|e Cawangan Taman Universiti
|
| 999 |
|
|
|a 0001050297
|b Book
|c Children Collection
|e Cawangan Kota Tinggi
|
| 999 |
|
|
|a 0001050298
|b Book
|c Children Collection
|e Cawangan Tmn. Ungku Tun Aminah
|
| 999 |
|
|
|a 0001050299
|b Book
|c Children Collection
|e Cawangan Bandar Tenggara
|
| 999 |
|
|
|a 0001050301
|b Book
|c Children Collection
|e Cawangan Bandar Penawar
|
| 999 |
|
|
|a 0001050302
|b Book
|c Children Collection
|e Cawangan Taman Universiti
|
| 999 |
|
|
|a 0001052353
|b Book
|c Children Collection
|e Cawangan Mersing
|
| 999 |
|
|
|a 0001052354
|b Book
|c Children Collection
|e Cawangan Mersing
|
| 999 |
|
|
|a 0001052357
|b Book
|c Children Collection
|e Cawangan Kota Tinggi
|
| 999 |
|
|
|a 0001052358
|b Book
|c Children Collection
|e Cawangan Kota Tinggi
|
| 999 |
|
|
|a 0001052359
|b Book
|c Children Collection
|e Cawangan Mersing
|
| 999 |
|
|
|a 0001052360
|b Book
|c Children Collection
|e Cawangan Tmn. Ungku Tun Aminah
|
| 999 |
|
|
|a 0001052361
|b Book
|c Children Collection
|e Cawangan Pontian
|
| 999 |
|
|
|a 000105299
|b Book
|c Children Collection
|e Cawangan Bandar Tenggara
|
| 999 |
|
|
|a 0001085864
|b Book
|c Children Collection
|e Cawangan Pontian
|
| 999 |
|
|
|a 0001085865
|b Book
|c Children Collection
|e Cawangan Taman Universiti
|
| 999 |
|
|
|a 0001085866
|b Book
|c Children Collection
|e Cawangan Bukit Gambir
|
| 999 |
|
|
|a 0001085868
|b Book
|c Children Collection
|e Cawangan Bukit Gambir
|
| 999 |
|
|
|a 0001085870
|b Book
|c Children Collection
|e Cawangan Taman Sri Lambak
|
| 999 |
|
|
|a 0001085871
|b Book
|c Children Collection
|e Cawangan Taman Sri Lambak
|
| 999 |
|
|
|a 0001085873
|b Book
|c Children Collection
|e Cawangan Bukit Gambir
|
| 999 |
|
|
|a 0001085874
|b Book
|c Children Collection
|e Cawangan Tangkak
|
| 999 |
|
|
|a 0001085875
|b Book
|c Children Collection
|e Cawangan Bukit Gambir
|
| 999 |
|
|
|a 0001085876
|b Book
|c Children Collection
|e Cawangan Taman Universiti
|
| 999 |
|
|
|a 0001085877
|b Book
|c Children Collection
|e Cawangan Pontian
|
| 999 |
|
|
|a 0001085880
|b Book
|c Children Collection
|e Cawangan Mersing
|
| 999 |
|
|
|a 0001085881
|b Book
|c Children Collection
|e Cawangan Pontian
|
| 999 |
|
|
|a 0001085883
|b Book
|c Children Collection
|e Cawangan Bandar Penawar
|
| 999 |
|
|
|a 0001086607
|b Book
|c Children Collection
|e Cawangan Taman Universiti
|
| 999 |
|
|
|a 0001086608
|b Book
|c Children Collection
|e Cawangan Muar
|
| 999 |
|
|
|a 0001086609
|b Book
|c Children Collection
|e Cawangan Tangkak
|
| 999 |
|
|
|a 0001086610
|b Book
|c Children Collection
|e Cawangan Bukit Gambir
|
| 999 |
|
|
|a 0001086613
|b Book
|c Children Collection
|e Cawangan Taman Sri Lambak
|
| 999 |
|
|
|a 0001086615
|b Book
|c Children Collection
|e Cawangan Bukit Gambir
|
| 999 |
|
|
|a 0001086616
|b Book
|c Children Collection
|e Cawangan Tangkak
|
| 999 |
|
|
|a 0001086618
|b Book
|c Children Collection
|e Cawangan Taman Universiti
|
| 999 |
|
|
|a 0001086622
|b Book
|c Children Collection
|e Cawangan Mersing
|
| 999 |
|
|
|a 0001086623
|b Book
|c Children Collection
|e Cawangan Pontian
|
| 999 |
|
|
|a 0001086624
|b Book
|c Children Collection
|e Cawangan Kota Tinggi
|
| 999 |
|
|
|a 0001086625
|b Book
|c Children Collection
|e Cawangan Bandar Penawar
|
| 999 |
|
|
|a 0001144047
|b Book
|c Children Collection
|e Cawangan Tangkak
|
| 999 |
|
|
|a 0001146751
|b Book
|c Children Collection
|e Cawangan Tangkak
|